[Event "Moscow-ch U19"]
[Site "Moscow"]
[Date "2019.11.25"]
[Round "8"]
[White "Zavialov, Nikita A"]
[Black "Sekoyan, Vachagan"]
[Result "1/2-1/2"]
[WhiteElo "2066"]
[BlackElo "2084"]
[PlyCount "102"]
[EventDate "2019.11.18"]
[EventType "swiss"]
[EventRounds "9"]
[EventCountry "RUS"]
[SourceTitle "CBM 193 Extra"]
[Source "ChessBase"]
[SourceDate "2020.01.31"]
[SourceVersion "1"]
[SourceVersionDate "2020.01.31"]
[SourceQuality "1"]

1. e4 g6 2. d4 Bg7 3. Nf3 c5 4. c3 cxd4 5. cxd4 d5 6. exd5 Nf6 7. Bb5+ Nbd7 8. Nc3 0-0 9. Bxd7 Bxd7 10. 0-0 Bf5 11. Qb3 Qc7 12. Bg5 Bd3 13. Rfc1 Bf5 14. Ne5 Rad8 15. Bxf6 Bxf6 16. f4 Bg7 17. a4 Qb6 18. Qxb6 axb6 19. a5 b5 20. Nxb5 Rxd5 21. Rc5 Rfd8 22. a6 bxa6 23. Nc7 Rxd4 24. Nc6 Rd1+ 25. Rxd1 Rxd1+ 26. Kf2 Rd7 27. Nxa6 Bxb2 28. Rb5 Bf6 29. Ne5 Rd4 30. Ke3 Ra4 31. Nc5 Ra3+ 32. Rb3 Ra2 33. Kf3 Bc2 34. Rb8+ Kg7 35. Ncd7 Bd1+ 36. Kg3 Ra3+ 37. Kf2 Bh4+ 38. g3 Bf6 39. Rb2 Ba4 40. Nxf6 exf6 41. Nc4 Rc3 42. Ne3 Bc6 43. Rc2 Rxc2+ 44. Nxc2 Kf8 45. Ne3 Ke7 46. Ng4 Ke6 47. Ke3 g5 48. Nh6 Bd5 49. Ng4 f5 50. Nf2 g4 51. Nd3 f6 1/2-1/2

[Event "Moscow-ch final"]
[Site "Moscow"]
[Date "2019.04.03"]
[Round "5"]
[White "Sekoyan, Vachagan"]
[Black "Zhuk, Kirill"]
[Result "1-0"]
[WhiteElo "1994"]
[BlackElo "1894"]
[PlyCount "133"]
[EventDate "2019.03.30"]
[EventType "swiss"]
[EventRounds "9"]
[EventCountry "RUS"]
[SourceTitle "CBM 189 Extra"]
[Source "ChessBase"]
[SourceDate "2019.06.03"]
[SourceVersion "1"]
[SourceVersionDate "2019.06.03"]
[SourceQuality "1"]

1. d4 d5 2. c4 e6 3. Nc3 Be7 4. cxd5 exd5 5. Bf4 c6 6. Qc2 Bg4 7. e3 Nf6 8. h3 Bh5 9. Bd3 Bg6 10. Bxg6 hxg6 11. Nf3 Nbd7 12. Rb1 a6 13. 0-0 0-0 14. b4 Nb6 15. a4 Nc4 16. Qd3 b5 17. a5 Bd6 18. Bxd6 Qxd6 19. Nd2 Qe6 20. Nb3 Qf5 21. Qxf5 gxf5 22. Rfe1 Ne4 23. Nxe4 fxe4 24. f4 f5 25. Nc5 Ra7 26. Kf2 Kf7 27. Ke2 Ke7 28. Rg1 Rh8 29. Rh1 Rh4 30. g3 Rh8 31. g4 g6 32. gxf5 gxf5 33. Rbg1 Kf6 34. Rg5 Rh6 35. Rhg1 Rah7 36. h4 Rxh4 37. Rg6+ Kf7 38. Rxc6 Rh2+ 39. Ke1 Rh1 40. Rxh1 Rxh1+ 41. Kf2 Rh3 42. Nxa6 Rf3+ 43. Kg1 Nxe3 44. Nc7 Rf1+ 45. Kh2 Rf2+ 46. Kg3 Rf3+ 47. Kh2 Rf2+ 48. Kg3 Rf3+ 49. Kh4 Rxf4+ 50. Kh5 Rf1 51. a6 Ra1 52. Nxb5 f4 53. a7 f3 54. Kg5 Ke7 55. Rc7+ Kd8 56. Rf7 Nc4 57. Rf8+ Ke7 58. a8Q Rxa8 59. Rxa8 f2 60. Ra7+ Kf8 61. Ra8+ Ke7 62. Ra7+ Kf8 63. Ra8+ Ke7 64. Ra1 Nd2 65. Nc3 Nf3+ 66. Kf4 Ne1 67. Nxd5+ 1-0

[Event "Moscow-ch final"]
[Site "Moscow"]
[Date "2019.04.01"]
[Round "3"]
[White "Sekoyan, Vachagan"]
[Black "Zenin, Dmitri"]
[Result "1/2-1/2"]
[WhiteElo "1994"]
[BlackElo "2236"]
[PlyCount "83"]
[EventDate "2019.03.30"]
[EventType "swiss"]
[EventRounds "9"]
[EventCountry "RUS"]
[SourceTitle "CBM 189 Extra"]
[Source "ChessBase"]
[SourceDate "2019.06.03"]
[SourceVersion "1"]
[SourceVersionDate "2019.06.03"]
[SourceQuality "1"]

1. d4 g6 2. c4 Bg7 3. Nc3 Nf6 4. e4 d6 5. h3 0-0 6. Be3 c5 7. d5 e6 8. Be2 exd5 9. exd5 Re8 10. Nf3 Bf5 11. Bd3 Ne4 12. Nxe4 Bxe4 13. Bxe4 Rxe4 14. Qc2 Re8 15. 0-0 Na6 16. a3 Qd7 17. Rab1 b5 18. b3 Rab8 19. Bd2 Nc7 20. Rfe1 Rxe1+ 21. Bxe1 Qf5 22. Qxf5 gxf5 23. Ba5 Ne8 24. Re1 bxc4 25. bxc4 Bf6 26. Re3 Kf8 27. Nd2 Rb2 28. Rb3 Ra2 29. g4 fxg4 30. hxg4 Bd4 31. Kf1 Nf6 32. f3 Kg7 33. Ke1 Be5 34. Bc3 Bxc3 35. Rxc3 Kg6 36. Ke2 h5 37. gxh5+ Nxh5 38. Ke3 Kf5 39. Ne4 Ke5 40. Ng5 Kf6 41. Ne4+ Ke5 42. Ng5 1/2-1/2

[Event "Moscow op-A 15th"]
[Site "Moscow"]
[Date "2019.01.31"]
[Round "6"]
[White "Sekoyan, Vachagan"]
[Black "Mochalin, Faddey"]
[Result "0-1"]
[WhiteElo "1939"]
[BlackElo "2270"]
[PlyCount "76"]
[EventDate "2019.01.26"]
[EventType "swiss"]
[EventRounds "9"]
[EventCountry "RUS"]
[SourceTitle "CBM 188 Extra"]
[Source "ChessBase"]
[SourceDate "2019.02.26"]
[SourceVersion "1"]
[SourceVersionDate "2019.02.26"]
[SourceQuality "1"]

1. e4 c5 2. Nf3 Nc6 3. d3 g6 4. g3 Bg7 5. Bg2 e5 6. Nbd2 Nge7 7. 0-0 0-0 8. c3 d6 9. a3 h6 10. b4 Be6 11. h3 Qd7 12. Kh2 b6 13. Bb2 Rad8 14. Qe2 f5 15. Rfd1 Kh8 16. Nf1 b5 17. Ne3 a5 18. Nc2 Qc7 19. Nh4 Kh7 20. d4 Bc4 21. Qd2 fxe4 22. Bxe4 d5 23. Bg2 e4 24. Bf1 g5 25. Ng2 cxd4 26. Nxd4 Ne5 27. Bxc4 Nxc4 28. Qe2 Bxd4 29. cxd4 Rf3 30. Ne1 Rb3 31. Bc1 Nf5 32. Qg4 Rf8 33. Ng2 a4 34. Ra2 Qf7 35. h4 h5 36. Qxg5 Rg8 37. Qf4 Rf3 38. Qxf3 exf3 0-1

[Event "Moscow op-A 15th"]
[Site "Moscow"]
[Date "2019.01.30"]
[Round "5"]
[White "Parfenov, Viktor N"]
[Black "Sekoyan, Vachagan"]
[Result "1-0"]
[WhiteElo "2229"]
[BlackElo "1939"]
[PlyCount "63"]
[EventDate "2019.01.26"]
[EventType "swiss"]
[EventRounds "9"]
[EventCountry "RUS"]
[SourceTitle "CBM 188 Extra"]
[Source "ChessBase"]
[SourceDate "2019.02.26"]
[SourceVersion "1"]
[SourceVersionDate "2019.02.26"]
[SourceQuality "1"]

1. d4 g6 2. c4 Bg7 3. e4 c5 4. d5 d6 5. Bd3 b5 6. Nd2 Nf6 7. h3 Qa5 8. cxb5 a6 9. b6 Nbd7 10. Ngf3 Nxb6 11. 0-0 0-0 12. Re1 Ne8 13. a4 Qb4 14. a5 c4 15. axb6 cxd3 16. Qb3 Qxb3 17. Nxb3 Rb8 18. Be3 Bxb2 19. Rab1 Bg7 20. Na5 f5 21. Rec1 Bb7 22. Rc7 Nxc7 23. bxc7 Rbc8 24. Rxb7 fxe4 25. Nd2 Bc3 26. Nc6 Bxd2 27. Nxe7+ Kf7 28. Nxc8 Rxc8 29. Bxd2 Ke7 30. Kf1 Kd7 31. Ba5 d2 32. Ke2 1-0

[Event "Moscow op-A 15th"]
[Site "Moscow"]
[Date "2019.01.29"]
[Round "4"]
[White "Sekoyan, Vachagan"]
[Black "Sargsyan, Anna M"]
[Result "0-1"]
[WhiteElo "1939"]
[BlackElo "2339"]
[PlyCount "78"]
[EventDate "2019.01.26"]
[EventType "swiss"]
[EventRounds "9"]
[EventCountry "RUS"]
[SourceTitle "CBM 188 Extra"]
[Source "ChessBase"]
[SourceDate "2019.02.26"]
[SourceVersion "1"]
[SourceVersionDate "2019.02.26"]
[SourceQuality "1"]

1. d4 d5 2. c4 c6 3. cxd5 cxd5 4. Nc3 Nc6 5. Bf4 e5 6. dxe5 d4 7. Nb1 Nge7 8. g3 Ng6 9. Bd2 Ngxe5 10. Bg2 Be7 11. Nh3 0-0 12. 0-0 Bg4 13. Nf4 Re8 14. h3 Bf5 15. Qb3 h6 16. Na3 Qd7 17. Kh2 Rad8 18. Rfe1 Bc5 19. Rac1 Bb6 20. Nc4 Nxc4 21. Qxc4 Ne5 22. Qd5 Bxh3 23. Qxb7 Qxb7 24. Bxb7 Bg4 25. Kg2 Nd7 26. Bc6 Re5 27. f3 Bf5 28. b4 Nf6 29. a4 g5 30. Nd3 Re7 31. a5 Bc7 32. b5 g4 33. f4 Nd5 34. Rc5 Be4+ 35. Kf2 Nf6 36. Bb4 Re6 37. Rec1 Bd6 38. R5c4 Bxc6 39. bxc6 Bc7 0-1